Statistics for Born in Bucharest

Click here to take the quiz!

General Stats

  • This quiz has been taken 2 times
  • The average score is 11 of 21

Answer Stats

HintAnswer% Correct
Politician and son of the Dictator, he was considered heir presumptive1951Nicu Ceausescu
100%
Physicist, former manager of Steaua Bucuresti and son of the Dictator1948Valentin Ceausescu
100%
Prime Minister of Romania from 2012 to 20151972Victor Ponta
100%
Romanian-German director of the Academy Award nominated film "Collective"1979Alexander Nanau
50%
Romanian-German actress, "Downfall" "The Reader"1978Alexandra Maria Lara
50%
Most succesful female table tennis player of all time1921Angelica Rozeanu
50%
former Romanian International footballer (Schalke, Stuttgart and Donetsk)1985Ciprian Marica
50%
Romanian-American actor during Hollywood's Golden Age, "Little Caesar" "Key Largo"1893Edward G. Robinson
50%
Coach of the Romanian football national team1978Edward Iordanescu
50%
DJ and record producer, "Stereo Love"1986Edward Maya
50%
former tennis player and winner of the French and US Open1948Ilie Nastase
50%
Romanian-American psychiatrist and pioneer of group psychotherapy1889Jacob Levy Moreno
50%
Romanian-Argentine explorer of Tiego del Fuego and one of the perpetrators of the genocide against the natives1857Julio Popper
50%
Chemist, known for being the first to synthesize amphetamine1861Lazar Edeleanu
50%
Deputy secretary general of NATO and former Minister of Foreign Affairs, involved in Romania joining the EU1958Mircea Geoana
50%
Coach of Dynamo Kyiv and former Romanian International football player (Dinamo Bucuresti)1948Mircea Lucescu
50%
Discoverer of insulin1869Nicolae Paulescu
50%
French activist and Nazi hunter with his wife Beate1935Serge Klarsfeld
50%
Goalkeeper, AC Milan1986Ciprian Tatarusanu
0%
Important critic of the dictatorship of Nicolae Ceausescu, involved in the revolution1916Silviu Brucan
0%
Catholicos of All Armenians from 1955 to 1994 and first Catholicos in independent Armenia1908Vazgen I
0%

Score Distribution

Percentile by Number Answered

Percent of People with Each Score

Your Score History

You have not taken this quiz